[Event "XXXII Belgrade Trophy 2018"]
[Site "Belgrade"]
[Date "2018.12.02"]
[Round "9"]
[White "Pastar, Slaven"]
[Black "Kadric, Denis"]
[Result "1/2-1/2"]
[WhiteElo "2326"]
[BlackElo "2554"]
[Annotator "TA RC"]
[PlyCount "85"]
[EventDate "2018.11.24"]
[EventType "swiss"]
[EventCountry "SRB"]
[SourceTitle "playchess.com"]
[Source "ChessBase"]
[SourceQuality "1"]

{[%evp 24,85,39,24,82,31,82,83,65,75,68,58,66,18,28,19,37,0,269,197,200,202,198,199,398,371,1496,78,1429,1489,1489,170,1452,0,1383,0,1448,1434,1455,1419,1419,0,1388,0,1274,0,1231,1155,1155,0,1129,1099,966,0,0,0,878,0,851,797,697,-702,-700,-629]} 1. c4 g6 2. Nc3 Bg7 3. g3 e5 4. Bg2 d6 5. d3 f5 6. e4 Nc6 7. Nge2 Nf6 8. O-O O-O 9. Nd5 Nh5 10. exf5 {A26: English Opening vs King's Indian with ...Nc6 and d3} Bxf5 11. h3 Be6 12. g4 (12. Be3 Qd7 13. Kh2 Nd4 14. Nxd4 exd4 15. Bd2 c6 16. Nb4 a5 17. Nc2 d5 {0-1 (38) Glud,J (2506)-Ziska,H (2551) Runavik 2016}) 12... Nf6 13. Bg5 {LiveBook: 5 Games} Ne7 (13... Qd7 $11) 14. f4 (14. Nxf6+ $16 Bxf6 15. Bxf6 Rxf6 16. f4) 14... c6 ({Black should try} 14... Bxd5 $14 15. cxd5 c6) 15. Nxf6+ $1 $16 Bxf6 16. Bxf6 Rxf6 17. fxe5 Qb6+ 18. c5 $146 Rxf1+ 19. Qxf1 Qxb2 20. Nf4 (20. cxd6 Nd5 $11) 20... Bxa2 $2 {[%mdl 8192]} (20... Nd5 $1 $11 {and Black has nothing to worry.} 21. Nxe6 Ne3) 21. cxd6 Qd4+ 22. Kh1 Nd5 23. Ne2 ({Inferior is} 23. Rxa2 Nxf4 24. Qg1 Qxe5 $11) 23... Qb2 $2 (23... Qxe5 {is a better defense.} 24. Rxa2 Nb4) 24. e6 $1 $18 Ne3 $2 (24... Nb6 25. e7 Nd7) 25. Qf7+ Kh8 {[#]} 26. Rxa2 $1 {[%mdl 512]} Qxa2 27. Qf6+ Kg8 28. Qf7+ Kh8 29. Qf6+ Kg8 30. d7 Qxe2 31. Qf7+ Kh8 32. Qf6+ Kg8 {[%csl Ge3][%cal Re2g2]} 33. Qf7+ Kh8 {[%csl Ge3][%cal Re2g2]} 34. Qf6+ Kg8 {[%csl Ge3][%cal Re2g2]} 35. d8=R+ Rxd8 36. Qxd8+ Kg7 {[%csl Ge3][%cal Re2g2]} 37. Qe7+ Kh6 38. Qh4+ Kg7 {[%csl Ge3][%cal Re2g2]} 39. Qe7+ {[%mdl 64] Double Attack} Kh6 {[%csl Ge3][%cal Re2g2]} 40. Qf8+ Kg5 {[%csl Ge3][%cal Re2g2] [#]} 41. h4+ $1 {[%mdl 576] Decoy} Kxh4 42. Qh6+ $4 {[%mdl 8192]} (42. Qf6+ $18 Kxg4 {[#]} 43. Bf3+ $1 {[%mdl 512]} Qxf3+ 44. Qxf3+ Kxf3 45. e7) 42... Kxg4 $19 {[%csl Ge3][%cal Re2g2]} 43. Qh3+ {[%mdl 32768] Accuracy: White = 63%, Black = 54%. . An unexpected result.} 1/2-1/2

[Event "XXXII Belgrade Trophy 2018"]
[Site "Belgrade"]
[Date "2018.12.02"]
[Round "9"]
[White "Zivkovic, Marko"]
[Black "Pucarevic, Milenko"]
[Result "1-0"]
[WhiteElo "2302"]
[BlackElo "2210"]
[Annotator "TA"]
[PlyCount "68"]
[EventDate "2018.11.24"]
[EventType "swiss"]
[EventCountry "SRB"]
[SourceTitle "playchess.com"]
[Source "ChessBase"]
[SourceQuality "1"]

{[%evp 14,68,9,12,27,0,35,0,-1,-36,9,-41,-25,-104,6,-27,18,10,25,34,25,20,18,31,44,35,23,26,40,45,45,57,184,101,195,189,239,243,269,268,256,218,299,291,311,70,82,76,75,79,280,281,343,333,1915,1692,2059]} 1. d4 g6 2. e4 Bg7 3. Nc3 d6 4. Nf3 a6 5. a4 Bg4 6. Bc4 {B06: Modern Defence} (6. Be2 Nd7 7. Be3 Rc8 8. O-O c5 9. d5 Bxf3 10. Bxf3 Ngf6 11. a5 O-O 12. Be2 Ne8 13. Qd2 Nc7 {0-1 (35) Lie,K (2539)-Nakamura,H (2699) Gjovik 2009}) 6... e6 7. Be3 Nc6 {[%cal Bb8c6,Bc6a5,Ba5c4][%mdl 32]} 8. Be2 {LiveBook: 3 Games. The position is equal.} d5 9. e5 h6 $146 ({Predecessor:} 9... Nge7 10. h3 Bxf3 11. Bxf3 Nf5 12. O-O f6 13. exf6 Qxf6 {0-1 (74) Haensel,T (2090)-Buchal,S (2280) Germany 1997}) 10. h3 Bxf3 $1 11. Bxf3 Nge7 12. g4 Na5 13. Bg2 (13. b4 $11 Nc4 14. O-O) 13... Nec6 (13... c5 $17 14. O-O (14. dxc5 Nc4 $17) 14... Nec6) 14. Na2 O-O 15. O-O f6 16. exf6 $1 Qxf6 {[%cal Rc6d4]} 17. c3 Nc4 18. Bc1 g5 19. Qd3 Ne7 20. f4 gxf4 21. Bxf4 Qg6 22. Qe2 c5 (22... e5 $1 $14) 23. Rae1 ({Much less strong is} 23. dxc5 Nc6 $16) ({Better is} 23. b3 $18) 23... e5 (23... cxd4 $16 24. Qxe6+ Qxe6 25. Rxe6 Rxf4 26. Rxf4 Rf8) 24. dxe5 $18 b5 25. b3 Rxf4 26. Rxf4 Nxe5 {intending ...Nd3.} 27. Nc1 bxa4 28. Rxa4 h5 29. c4 $2 {[#]} (29. gxh5 $18 Qg3 30. Rf1) 29... hxg4 $14 30. hxg4 {Hoping for Rd1.} Rf8 31. cxd5 Nc8 $2 (31... c4 $16) 32. Be4 $18 (32. Qxa6 Nb6 $16) 32... Qg5 {[#] White must now prevent ...Nb6.} 33. Qh2 ({Not} 33. Rxa6 Qh4 $16) 33... Rf4 $2 (33... Nf3+ 34. Bxf3 Rxf3 35. Re8+ Bf8) 34. Bh7+ Kf8 {Accuracy: White = 43%, Black = 18%.} 1-0

[Event "XXXII Belgrade Trophy 2018"]
[Site "Belgrade"]
[Date "2018.12.02"]
[Round "9"]
[White "Lundin, Jan"]
[Black "Gunduz, Umut Erdem"]
[Result "1-0"]
[WhiteElo "2287"]
[BlackElo "2205"]
[Annotator "TA"]
[PlyCount "49"]
[EventDate "2018.11.24"]
[EventType "swiss"]
[EventCountry "SRB"]
[SourceTitle "playchess.com"]
[Source "ChessBase"]
[SourceQuality "1"]

{[%evp 12,49,32,20,28,10,6,14,104,45,41,61,49,0,1,0,70,-15,-8,-7,-6,-4,36,0,0,0,301,288,382,367,426,431,518,503,683,720,700,697,833,829]} 1. e4 e6 2. d3 d5 3. Nd2 Nc6 4. Ngf3 Nf6 5. Be2 Bc5 6. O-O {C00: French: Unusual White 2nd moves} O-O 7. c3 {LiveBook: 8 Games} Bb6 (7... dxe4 8. dxe4 e5 9. Qc2 a5 10. Nc4 Re8 11. Ne3 a4 12. Bb5 a3 13. b4 Bd6 {1-0 (43) Maze,S (2582)-Thornton,G (2207) Berlin 2015}) 8. Qc2 {White has an edge.} e5 9. b4 $146 ({Predecessor:} 9. exd5 Nxd5 10. Nc4 Re8 11. a4 a5 12. Nxb6 Nxb6 13. Ng5 h6 {0-1 (53) Slipak,S-Schweber,S (2420) Buenos Aires 1983}) 9... d4 (9... Re8 $11 {keeps the balance.}) 10. Bb2 (10. b5 $16 dxc3 11. bxc6 cxd2 12. Bb2 (12. Nxd2 bxc6 13. Bb2 Re8 $11) (12. Qxd2 Re8 $14)) 10... dxc3 11. Bxc3 Bg4 12. Nb3 Bxf3 13. Bxf3 Qd6 (13... a6 $11) 14. Qb2 (14. b5 $14 Nb4 15. Qd2 Nxd3 16. Rad1 Nxf2 17. Rxf2) 14... Qxd3 $11 15. Rfd1 Qc4 $1 ({Don't play} 15... Bxf2+ $6 16. Kxf2 Nxe4+ 17. Bxe4 $18) 16. Rac1 $36 {[%mdl 2048] White has some pressure.} Qb5 17. Be2 Qa4 18. b5 Nb4 $2 {[%mdl 8192]} (18... Nd4 $11) 19. a3 $18 {[%cal Ba2a3,Ba3a4,Ba4a5][%mdl 96] [#] Trapped Piece} Nbd5 20. exd5 Qh4 21. Be1 {White is clearly winning.} e4 22. a4 e3 {[%cal Re3f2] [#]} 23. f4 $1 Qxf4 24. a5 Ng4 25. Bg3 {Accuracy: White = 53%, Black = 34%.} 1-0

[Event "XXXII Belgrade Trophy 2018"]
[Site "Belgrade"]
[Date "2018.12.02"]
[Round "9"]
[White "Kesidis, Odyseas"]
[Black "Krstonijevic, Stjepan"]
[Result "1-0"]
[WhiteElo "2271"]
[BlackElo "2195"]
[Annotator "TA"]
[PlyCount "111"]
[EventDate "2018.11.24"]
[EventType "swiss"]
[EventCountry "SRB"]
[SourceTitle "playchess.com"]
[Source "ChessBase"]
[SourceQuality "1"]

{[%evp 20,111,10,7,11,5,4,0,2,0,0,0,37,33,33,32,35,27,31,29,42,15,37,25,31,31,31,29,25,22,27,8,0,-9,35,42,85,85,105,94,92,98,154,146,166,190,196,168,189,75,71,4,4,3,32,0,0,0,0,0,0,0,0,0,8,10,27,20,18,0,0,0,1730,1531,29967,29966,1658,1879,11693,8972,5097,4133,29986,29987,29987,29988,29988,29989,29989,29990,29990,29991,29991,29992]} 1. e4 c5 2. Nf3 e6 3. c3 d5 4. exd5 Qxd5 5. d4 Nf6 6. Na3 a6 7. Nc4 Nbd7 8. Be2 cxd4 9. Qxd4 {B22: Sicilian: 2 c3} Bc5 10. Qxd5 Nxd5 11. O-O {LiveBook: 5 Games. The position is equal.} b5 (11... O-O {is interesting.} 12. a4 b6 13. Rd1 Bb7 14. Bg5 a5) 12. Nce5 Nxe5 $146 ({Predecessor:} 12... N7b6 13. Nd3 Bd6 14. Nd2 Bb7 15. Bf3 Rc8 16. Ne4 Be7 {0-1 (58) Yildiz,B (2308)-Muzychuk,A (2545) Shenzhen 2011}) 13. Nxe5 Bd6 14. Nd3 (14. Nf3 {with more complications.} Bd7 15. Rd1 O-O 16. a4 Rfc8 17. axb5 Bxb5 18. Bxb5 axb5 19. Rxa8 Rxa8 20. Nd4) 14... O-O 15. Bf3 Rb8 16. Bxd5 exd5 17. Bf4 Rd8 18. Bxd6 Rxd6 19. Rfd1 Be6 20. b4 Rc6 21. Nc5 a5 22. a3 ({Reject} 22. Nxe6 fxe6 23. Rd3 axb4 $15) 22... Ra8 23. Kf1 Kf8 24. Ke2 Rc7 25. Kd3 Rca7 26. Nb3 axb4 27. axb4 d4 28. Rxa7 Bc4+ 29. Kxd4 Rxa7 $16 {[%mdl 4096] Endgame KRB-KRN} 30. Nc5 Ra2 {[#]} ({Black should play} 30... Ke7) 31. Ne4 $1 f5 32. Nd6 $1 {[%csl LRc4,LRf5][%mdl 64] Double Attack} Rxf2 33. Nxc4 $18 {KRN-KR} Rf4+ 34. Kd3 (34. Kc5 $18 {is more deadly.} Rxc4+ 35. Kxb5 Rxc3 36. Rf1) 34... bxc4+ $16 {KR-KR} 35. Kc2 (35. Ke3 $16 Re4+ 36. Kf3) 35... Ke7 $11 36. Rd2 Re4 37. g3 Re3 38. Kb2 g5 39. Rd4 Re2+ 40. Ka3 Rxh2 41. b5 Rh6 42. Kb4 Rd6 {Hoping for ...Rxd4.} 43. Rxc4 {Strongly threatening Ka5.} Rf6 $1 44. Ka5 f4 {...f3 is the strong threat.} 45. gxf4 g4 $2 {[%mdl 8192]} (45... gxf4 $11 46. b6 Rf5+ 47. Kb4 Rf8) 46. b6 $18 Kd7 47. Rc7+ Kd6 48. c4 {[%cal Bc3c4,Bc4c5][%mdl 32]} g3 49. c5+ Kd5 50. b7 g2 51. b8=Q {White mates.} g1=Q 52. Rd7+ Ke6 53. Qe8+ Kf5 54. Rd5+ Kxf4 55. Qe5+ {[%mdl 64] [#] Double Attack} Kg4 56. Qg5+ {Accuracy: White = 69%, Black = 61%.} 1-0

[Event "XXXII Belgrade Trophy 2018"]
[Site "Belgrade"]
[Date "2018.12.02"]
[Round "9"]
[White "Tsaknakis, Zisis"]
[Black "Krstic, Milos"]
[Result "1-0"]
[WhiteElo "2229"]
[BlackElo "2054"]
[Annotator "TA"]
[PlyCount "103"]
[EventDate "2018.11.24"]
[EventType "swiss"]
[EventCountry "SRB"]
[SourceTitle "playchess.com"]
[Source "ChessBase"]
[SourceQuality "1"]

{[%evp 13,103,37,56,25,56,37,61,56,59,64,88,78,94,94,102,91,106,110,92,70,72,40,71,66,78,65,70,77,78,10,0,0,0,0,0,0,-12,-5,0,0,70,70,70,70,70,-5,-16,-22,-8,-18,0,-34,-28,-69,-79,-145,-141,-426,-416,-651,-644,-607,-369,-354,-369,-514,-127,-122,0,0,0,0,0,-165,0,0,88,103,89,95,114,35,148,120,1100,1050,29981,8,29981,15,29994,29995]} 1. Nf3 Nf6 2. d4 e6 3. e3 b6 4. Bd3 Bb7 5. O-O Be7 6. c4 d6 {A47: 1 d4 Nf6 2 Nf3 b6: Torre, London and Colle Systems} (6... O-O 7. Nc3 d5 8. cxd5 exd5 9. b3 Nbd7 10. Bb2 a6 11. Ne5 Re8 12. f4 c5 13. Rf3 cxd4 14. exd4 b5 15. Rh3 Nf8 16. Ne2 Ne4 17. Ng3 f6 18. Ng4 Qd7 {0-1 (46) Kovalenko,I (2700)-Ivanchuk,V (2726) Berlin 2015}) 7. Nc3 Nbd7 {LiveBook: 16 Games} 8. Rb1 e5 {Hoping for ...e4.White has an edge.} 9. d5 a5 10. e4 O-O 11. a3 Ne8 $146 ({Predecessor:} 11... Re8 12. b4 axb4 13. axb4 g6 {1-0 (51) Tikkanen,H (2573)-Lindberg,B (2409) Falun 2012}) 12. b4 g6 13. Bh6 Ng7 14. Qc2 Nf6 {[%cal Bd7f6,Bf6h5,Bh5f4][%mdl 32]} 15. h3 Nfh5 16. Ne2 f5 17. Ng3 fxe4 18. Bxe4 ({Much weaker is} 18. Nxe4 Nf4 $11) 18... Nf4 19. Ne2 Nxe2+ 20. Qxe2 Rf7 21. Bxg7 ({White should try} 21. g4 $16) 21... Kxg7 22. c5 axb4 23. axb4 bxc5 24. bxc5 Ba6 25. Bd3 Bxd3 26. Qxd3 dxc5 (26... Ra4 $11) 27. Nxe5 $14 Rf5 28. Nc6 $1 {[%cal Rc6d8]} Qd7 29. Rbe1 (29. Nxe7 $14 Qxe7 30. Rb5) 29... Bf6 $11 30. Rd1 Re8 31. Rd2 Qd6 32. Rfd1 h5 {[%cal Bh7h5,Bh5h4][%mdl 32]} 33. Qc4 Rf4 $36 {[%mdl 2048] Black is really pushing.} 34. Qb5 (34. Qf1 $142) 34... Rfe4 $17 35. g3 $2 {[%mdl 8192]} (35. Rf1 $17) 35... h4 $19 36. g4 (36. gxh4 $142 Bxh4 37. Qf1) 36... Bg5 37. Rd3 Rf8 {( -> ...Rxf2!)} 38. Qb2+ Kh7 39. Qc2 {[#]} Ref4 $2 (39... Be3 $1 $19 {[%mdl 512] is more deadly.} 40. fxe3 (40. Rxe3 $2 Rxe3 41. Rd3 Rxf2 $19) 40... Rf3) 40. R1d2 $17 Re8 ({Better is} 40... c4 $17 41. Rc3 Rf3 42. Rxf3 Rxf3) 41. Re2 $11 Rfe4 42. Rxe4 Rxe4 43. Na5 $2 (43. Rd1 $11 {and White has nothing to worry.} Qf4 44. Kg2 (44. Qxc5 $2 Qf3 $19 {[%mdl 64] Double Attack})) 43... Be7 $2 (43... Re1+ $19 44. Kg2 Qa6) 44. Kg2 Rd4 (44... Qf4 $11 {remains equal.} 45. Qd2 Qxd2 46. Rxd2 Bd6) 45. Rxd4 $16 cxd4 46. Qe4 Bf6 47. Nc6 Qc5 (47... Qf8 $1 $14) 48. Qe6 {Threatens to win with g5.} Bg7 $2 {[%mdl 8192]} (48... Kg7 $16 49. g5 Bxg5) 49. Ne7 $18 Qd6 50. Qg8+ Kh6 {[#]} 51. Qf7 $2 (51. g5+ $1 {[%mdl 512] mates} Kxg5 52. Qxg7 Kf4 53. Qf7+ Ke4 54. Qf3+ Ke5 55. Nc6+ Qxc6 56. dxc6) 51... d3 $2 {[%mdl 8192] [#]} (51... Be5 $11) 52. Nf5+ $1 {[%mdl 576] Double Attack. Accuracy: White = 40%, Black = 35%.} 1-0

[Event "XXXII Belgrade Trophy 2018"]
[Site "Belgrade"]
[Date "2018.12.02"]
[Round "9"]
[White "Ivanovic, Marko"]
[Black "Atakisi, Umut"]
[Result "0-1"]
[WhiteElo "2202"]
[BlackElo "2398"]
[Annotator "TA"]
[PlyCount "102"]
[EventDate "2018.11.24"]
[EventType "swiss"]
[EventCountry "SRB"]
[SourceTitle "playchess.com"]
[Source "ChessBase"]
[SourceQuality "1"]

{[%evp 9,101,-2,-11,-41,-2,0,-8,-76,-72,-70,-67,-79,-20,-20,-20,-30,-6,-23,-13,-58,-50,-44,40,50,45,42,73,76,65,32,36,0,19,0,0,0,0,1,14,16,54,59,51,2,2,2,11,0,0,0,0,-25,-25,-25,0,0,0,0,0,0,0,0,0,0,-8,-557,-557,-682,0,0,0,-693,-683,-12789,-9971,-29975,-29975,-29979,-29980,-29981,-29982,-29982,-29983,-29985,-29986,-29988,-29989,-29993,-29994,-29994,-29995,-29998,-29999,-29999]} 1. d4 d5 2. c4 e6 3. Nc3 Nf6 4. cxd5 Nxd5 5. Qa4+ (5. e4 Nxc3 6. bxc3 c5 7. Rb1 Be7 8. Nf3 O-O 9. h4 cxd4 10. cxd4 Nc6 11. Bb5 a6 12. Bxc6 bxc6 13. h5 h6 14. Ne5 Bd6 15. O-O {½-½ (30) Yu,Y (2765)-Radjabov,T (2751) Batumi 2018}) 5... Bd7 6. Qc2 $146 {D35: Queen's Gambit Declined: Exchange Variation} ({Predecessor:} 6. Qb3 Bc6 7. e3 a6 8. Nf3 Nd7 9. Bd2 Nxc3 10. bxc3 Be4 11. Be2 Bd6 12. O-O O-O {1-0 (36) Shen,Y (2473)-Ning,K (2134) China 2017}) 6... Nxc3 (6... c5 $5 {[%cal Rd5b4]} 7. Nf3 cxd4 8. Nxd4 Nc6 $15) 7. bxc3 c5 8. Rb1 (8. Nf3 $11 {remains equal.}) 8... cxd4 $17 9. cxd4 Nc6 10. Qb2 Bb4+ (10... Rc8 $17 {White must now prevent ...Nb4.} 11. Bd2 a5) 11. Bd2 $11 Bxd2+ 12. Qxd2 O-O 13. Nf3 e5 14. Nxe5 Nxe5 15. dxe5 Bf5 ({Black should play} 15... Qc7 $15) 16. Qxd8 $14 Rfxd8 17. Rxb7 Rab8 {[#]} 18. Rxb8 $1 Rxb8 $16 {[%mdl 4096] Endgame KRB-KRB} 19. f3 Be6 20. Kd2 Bxa2 21. e4 Rb2+ 22. Ke3 Rb1 23. g3 g5 24. h4 gxh4 25. gxh4 a5 {White should prevent ...a4.} 26. Rh2 {[#] Rg2+ is the strong threat.} Bb3 27. Bd3 Rc1 28. Rb2 a4 29. Bb1 Rc3+ 30. Kd4 Rxf3 31. Ba2 Bxa2 32. Rxa2 $11 {KR-KR} a3 33. e6 {White wants to mate with e7.} fxe6 34. Ke5 $1 Re3 35. h5 Kg7 36. Rd2 Kh6 37. Rd6 $2 {[%mdl 8192]} (37. Rd7 $11 {and White has nothing to worry.}) 37... Kxh5 $19 38. Rxe6 a2 $2 (38... Re1 $19 {And now ...a2 would win.} 39. Ra6 Ra1) 39. Ra6 $11 Re2 40. Kf5 $2 {[%mdl 8192]} (40. Kf6 $11) 40... Rf2+ $19 41. Ke6 Kg5 {( -> ...Rf6+)} 42. e5 h5 {Black mates.} 43. Kd7 Rd2+ 44. Ke7 h4 45. e6 h3 46. Kf8 h2 47. e7 h1=Q 48. Rg6+ Kf5 49. e8=Q Qh8+ ({And not} 49... a1=Q 50. Qe6+ Kf4 51. Rg4+ Kf3 52. Qe4+ Kf2 53. Rf4+ Kg1 54. Qe3+ {[%mdl 64] Double Attack} Kh2 55. Rh4+ Kg2 56. Qxd2+ Kg1 57. Rg4+ Kf1 58. Rf4+ Qf3 59. Rxf3+ Kg1 60. Qf2+ Kh1 61. Rh3#) 50. Rg8 Qf6+ 51. Qf7 Rd8# {Accuracy: White = 36%, Black = 62%.} 0-1

[Event "XXXII Belgrade Trophy 2018"]
[Site "Belgrade"]
[Date "2018.12.02"]
[Round "9"]
[White "Cetkovic, Miodrag"]
[Black "Petrov, Marian"]
[Result "0-1"]
[WhiteElo "2189"]
[BlackElo "2488"]
[Annotator "TA"]
[PlyCount "76"]
[EventDate "2018.11.24"]
[EventType "swiss"]
[EventCountry "SRB"]
[SourceTitle "playchess.com"]
[Source "ChessBase"]
[SourceQuality "1"]

{[%evp 11,76,-4,4,-53,-28,-47,-38,-48,-46,-49,-51,-52,-34,-39,-32,-95,-74,-64,-70,-116,-116,-120,-120,-246,-257,-280,-268,-241,-210,-206,-210,-203,-214,-340,-343,-334,-335,-332,-327,-316,-308,-322,-298,-391,-381,-389,-389,-363,-368,-378,-328,-393,-368,-466,-465,-498,-493,-642,-641,-764,-763,-1065,-1065,-1154,-1132,-1122,-1093]} 1. e4 c5 2. Nc3 Nc6 3. f4 e6 4. Bb5 Nd4 5. Nf3 Nf6 6. e5 {B23: Closed Sicilian: Lines without g3} Nxb5 {LiveBook: 5 Games} 7. exf6 (7. Nxb5 $11 Nd5 8. c4) (7. Nxb5 Nd5 8. c4 Nb4 9. d4 cxd4 10. O-O a6 11. Nbxd4 d5 12. a3 Nc6 13. cxd5 Qxd5 14. Nxc6 Qxc6 {½-½ (49) Glek,I (2538)-Werle,J (2551) Germany 2006}) 7... Nd4 $146 (7... Nd6 {is interesting.} 8. fxg7 Bxg7 9. d4 cxd4 10. Nxd4 b5) ({Predecessor:} 7... Nxc3 8. fxg7 Bxg7 {½-½ (8) Bogut,Z (2419)-Muse,M (2434) Sibenik 2005}) 8. Nxd4 {Black has an edge.} cxd4 9. fxg7 $1 Bxg7 10. Qg4 O-O {[%cal Bh8f8,Bf8f6,Bf6g6][%mdl 32]} 11. Ne2 f5 12. Qg3 Qb6 13. d3 (13. c3 $15) 13... d6 14. O-O Bd7 {White must now prevent ...Rac8.} 15. Kh1 Rf6 16. Qf2 Rg6 17. Rg1 (17. Ng1 $17) 17... Kf7 18. h3 Rc8 19. c4 dxc3 {[%mdl 64] [#] Discovered Attack} 20. Qxb6 axb6 {[%cal Ba7b6,Bb6b5][%mdl 32]} 21. bxc3 Bb5 22. Bd2 (22. a3 $142) 22... Bxd3 $19 23. Rae1 b5 24. a3 Bf6 25. Kh2 Ra8 26. Bc1 e5 27. g3 Ra4 28. Rg2 Re4 29. Bd2 h5 30. Ng1 Rg8 31. Nf3 Rxe1 32. Nxe1 Be4 {Black is clearly winning.} 33. Re2 Ra8 34. fxe5 Bxe5 35. Ng2 Rxa3 36. Nf4 Ra1 {[%csl Ge4][%cal Ra1h1]} 37. Re1 Ra2 38. Re2 {[#]} h4 $1 {Accuracy: White = 40%, Black = 83%.} 0-1

[Event "XXXII Belgrade Trophy 2018"]
[Site "Belgrade"]
[Date "2018.12.02"]
[Round "9"]
[White "Jovanovic, Sasa T"]
[Black "Galiot, Goran"]
[Result "1/2-1/2"]
[WhiteElo "2185"]
[BlackElo "2305"]
[Annotator "TA"]
[PlyCount "20"]
[EventDate "2018.11.24"]
[EventType "swiss"]
[EventCountry "SRB"]
[SourceTitle "playchess.com"]
[Source "ChessBase"]
[SourceQuality "1"]

{[%evp 15,20,25,29,4,7,7,452]} 1. d4 Nf6 2. Nf3 g6 3. g3 Bg7 4. Bg2 O-O 5. O-O d6 6. c4 Nc6 7. Nc3 Bf5 8. b3 Ne4 {LiveBook: 182 Games} 9. Nxe4 {E62: King's Indian: Fianchetto: 6...c6 and Panno Variation (6...Nc6) without ...a6} (9. Bb2 Nxc3 10. Bxc3 Be4 11. e3 e5 12. d5 Nb8 13. Rc1 Re8 14. Nd2 Bxg2 15. Kxg2 Nd7 16. b4 e4 17. Bxg7 Kxg7 18. Qc2 Qe7 {1-0 (81) Wang,Y (2749)-Zhou,J (2650) China 2010}) 9... Bxe4 10. Bb2 Bd5 $146 {[%mdl 40960] An unexpected result.} (10... a5 $11 {and Black is okay.}) ({Predecessor:} 10... a6 11. Qd2 e6 12. Rfd1 Ne7 13. Rac1 b6 14. Qf4 Bb7 15. e4 c5 16. e5 Nf5 {1-0 (35) Ugrcic,Z (2000)-Ivanovic,N (2158) Belgrade 2017}) 1/2-1/2

[Event "XXXII Belgrade Trophy 2018"]
[Site "Belgrade"]
[Date "2018.12.02"]
[Round "9"]
[White "Graovac, Vidak Balsa"]
[Black "Veleski, Robert"]
[Result "0-1"]
[WhiteElo "2155"]
[BlackElo "2211"]
[Annotator "ChessBase"]
[PlyCount "43"]
[EventDate "2018.11.24"]
[EventType "swiss"]
[EventCountry "SRB"]
[SourceTitle "playchess.com"]
[Source "ChessBase"]
[SourceQuality "1"]
[TimeControl "40/5400+30:900+30"]

1. e4 {[%emt 1:30:30]} g6 {[%emt 1:30:30]} 2. d4 {[%emt 0:00:30]} Bg7 {[%emt 0:00:30]} 3. Bc4 {[%emt 0:00:30]} d6 {[%emt 0:00:30]} 4. Nf3 {[%emt 0:00:30]} e6 {[%emt 0:00:30]} 5. Qe2 {[%emt 0:00:30]} Ne7 {[%emt 0:00:30]} 6. Bg5 {[%emt 0:00:30]} h6 {[%emt 0:00:30]} 7. Bh4 {[%emt 0:00:30]} a6 {[%emt 0:00:30]} 8. c3 {[%emt 0:00:30]} b6 {[%emt 0:00:30]} 9. Nbd2 {[%emt 0:00:30]} Bb7 {[%emt 0:00:30]} 10. e5 {[%emt 0:00:30]} g5 {[%emt 0:00:30] Bg3Nf5 [%clk 0:00:00]} 11. exd6 {[%emt 0:00:30] Nxg3 [%clk 0:00:00] dxc7 [%clk 0:00:00] Qxc7 [%clk 0:00:00] hxg3 [%clk 0:00:00]} O-O {[%emt 0:00:30]} 12. Bd3 {[%emt 0:00:30] Rd8 [%clk 0:00:00] Nc4 [%clk 0:00:00]} Nd7 {[%emt 0:00:30] Ne3 [%clk 0:00:00] e5 [%clk 0:00:00] dxe5 [%clk 0:00:00]} 13. Ne5 {[%emt 0:00:30]} Nxe5 {[%emt 0:00:30]} 14. Qxe5 {[%emt 0:00:30] O-O [%clk 0:00:00]} b5 {[%emt 0:00:30]} 15. a3 {[%emt 0:00:30]} Re8 {[%emt 0:00:30] Qg4 [%clk 0:00:00] Qd6 [%clk 0:00:00]} 16. Be2 {[%emt 0:00:30] Re4 [%clk 0:00:00] Rad1 [%clk 0:00:00] Qb6 [%clk 0:00:00] Qf5 [%clk 0:00:00] Re5 [%clk 0:00:00]} Qd7 {[%emt 0:00:30] Bc6 [%clk 0:00:00] Rd6 [%clk 0:00:00] Bxd7 [%clk 0:00:00] Rxb6 [%clk 0:00:00] Re6 [%clk 0:00:00] Rxe6 [%clk 0:00:00] Bxe6 [%clk 0:00:00]} 17. Rd1 {[%emt 0:00:30]} Kf8 {[%emt 0:00:30]} 18. Bf3 {[%emt 0:00:30]} Ra7 {[%emt 0:00:30]} 19. Bd5 {[%emt 0:00:30]} Bc8 {[%emt 0:00:30]} 20. f4 {[%emt 0:00:30]} Bf6 {[%emt 0:00:30]} 21. Kf2 {[%emt 0:00:30] Be7 [%clk 0:00:00] Be4 [%clk 0:00:00] Be6 [%clk 0:00:00] f5 [%clk 0:00:00] Bb3 [%clk 0:00:00] Bc2 [%clk 0:00:00] Bxc2 [%clk 0:00:00] Nxc2 [%clk 0:00:00]} Kg7 {[%emt 0:00:30]} 22. g4 {[%emt 0:00:30] Rc7 [%clk 0:00:00] Rd5 [%clk 0:00:00] Rc4 [%clk 0:00:00] Nd4 [%clk 0:00:00] Bc5 [%clk 0:00:00] Ke3 [%clk 0:00:00] Kf6 [%clk 0:00:00] Kd3 [%clk 0:00:00] Bxd4 [%clk 0:00:00] Rxd4 [%clk 0:00:00] Rc6 [%clk 0:00:00] Ke4 [%clk 0:00:00] Ke7 [%clk 0:00:00] c4 [%clk 0:00:00] bxc4 [%clk 0:00:00] Kd5 [%clk 0:00:00] Rb6 [%clk 0:00:00] Rd2 [%clk 0:00:00] Rd6+ [%clk 0:00:00]} 0-1